00290nam a2200097Ia 4500008004100000041000800041100002500049245006400074260003500138999001900173241105s9999 xx 000 0 und d aeng aDeshpande A.9107363 aCorrection Institute For Hard Core Criminals At Colvale Goa bFinal Year B. Arch, BNCAc1999 c359947d359947